000
00330 a2200145 4500
001
65678
020
_a
978-85-7518-337-3
040
_c
Anchieta - Pituba
240
1
0
_a
Curso de espanõl - nivel 03
_l
spa
245
1
0
_a
Curso de espanõl - nivel 03
300
_a
158
362
0
_a
2010
650
4
_a
Língua espanhola
942
_c
BK
999
_c
65678
_d
65678